Product-Related Services in Aircraft Maintenance

Proces riadenia údržby. Komplikácie s tým súvisiace. Schvaľovanie organizácie údržby a a požiadavky na zachovanie letovej spôsobilosti. Systémy podnikového plánovania zdrojov v leteckej údržbe.

Gespeichert in:
Bibliographische Detailangaben
1. Verfasser: Dietrich, Christian
Weitere Verfasser: Daneshjo, Naqibullah, 1964-, Pezlar, Ivan, Turzáková, Ivana
Format: Buchkapitel
Sprache:Englisch
Schlagworte:
Tags: Tag hinzufügen
Keine Tags, Fügen Sie das erste Tag hinzu!

MARC

LEADER 00000naa$a2200000$$$4500
001 0270287
005 20240502074232.1
041 0 |a eng 
044 |a SK 
245 1 0 |a Product-Related Services in Aircraft Maintenance  |c Christian Dietrich, Naqibullah Daneshjo, Ivan Pezlar, Ivana Turzáková 
520 |a Proces riadenia údržby. Komplikácie s tým súvisiace. Schvaľovanie organizácie údržby a a požiadavky na zachovanie letovej spôsobilosti. Systémy podnikového plánovania zdrojov v leteckej údržbe. 
610 2 0 |a služby 
610 2 0 |a doprava letecká 
610 2 0 |a údržba 
610 2 0 |a certifikácia 
100 1 |a Dietrich, Christian 
700 1 |a Daneshjo, Naqibullah, 1964- 
700 1 |a Pezlar, Ivan 
700 1 |a Turzáková, Ivana